000 00753nam a2200253 a 4500
001 0002365
003 DO-SdBNP
005 20180402134254.0
007 0002365
008 090819s2006 dr 000 spa d
020 _a994540640X
040 _aBPMET
_bspa
_cBPMET
100 _4Defoe, Daniel
245 0 _aRobinson Crusoe.
_bDaniel Defoe; ilustraciones Diana Roche
260 _aSanto Domingo,
_bTobogán
_c2006
300 _a84 p. ;
_bil.
_c23 cm.
490 _aClásicos universales Tobogán
500 _aLa biblioteca posee la versión del 1997
700 _4Roche, Diana
_ail.
830 _pClásicos universales Tobogán
942 _2ddc
_cBK
945 _aInventariado / 2018 VM
956 _aVMATEO
_b10
_c20150515
_lBPMSU
_h00151
999 _c7880
_d7880